| 000 | 00485nam a2200169 4500 | ||
|---|---|---|---|
| 001 | 6006 | ||
| 005 | 20250325150415.0 | ||
| 008 | 250325b |||||||| |||| 00| 0 eng d | ||
| 020 | 0 | 0 | _a0517682362 |
| 082 | _a082 MUR | ||
| 100 | 0 | 0 | _aMurphy, Edward F. |
| 245 | 0 | 0 |
_a2715 one-line quotations for speakers, writers & raconteurs. : _cMurphy, Edward F. |
| 260 | 0 | 0 |
_aNew York : _bBonanza Books, _c1989. |
| 300 | 0 | 0 |
_a216 p. : _c26 cm. _bill. ; |
| 650 | _aQuotations. | ||
| 942 |
_2ddc _cMAIN |
||
| 999 |
_c10171 _d10172 |
||